[Event "Cartagena Iderbol Cup"]
[Site "Cartagena"]
[Date "2011.12.27"]
[Round "4.12"]
[White "Montalvo Acosta, Joel Jose"]
[Black "Rosado Perez, Maria Jose"]
[Result "1-0"]
[WhiteElo "1646"]
[BlackElo "1872"]
[PlyCount "128"]
[EventDate "2011.12.26"]
[EventType "swiss"]
[EventRounds "7"]
[EventCountry "COL"]
[SourceTitle "EXT 2024"]
[Source "ChessBase"]
[SourceDate "2023.10.10"]
[SourceVersion "1"]
[SourceVersionDate "2023.10.10"]
[SourceQuality "1"]

1. d4 d5 2. c4 e6 3. Nc3 Nf6 4. Bg5 Be7 5. Nf3 0-0 6. e3 b6 7. Rc1 Bb7 8. cxd5 exd5 9. Bd3 Nbd7 10. 0-0 h6 11. Bh4 c5 12. Qe2 Ne4 13. Bxe7 Qxe7 14. Rfd1 Ndf6 15. h3 Rfe8 16. Bb5 c4 17. Bxe8 Rxe8 18. Ne5 Nxc3 19. Rxc3 Ne4 20. Rc2 b5 21. b3 b4 22. bxc4 Nc3 23. Rxc3 bxc3 24. c5 f6 25. Ng6 Qe4 26. Nf4 Qxf4 27. Qb5 Qb8 28. c6 Ba8 29. Qxd5+ Kh8 30. Qc4 Qc7 31. d5 Rd8 32. Qb3 Qa5 33. e4 Qc5 34. Rc1 Qe7 35. Rxc3 Qxe4 36. Re3 Qf4 37. Re7 Qc1+ 38. Kh2 Qc5 39. Qe3 Qxd5 40. Qg3 Qg5 41. Qxg5 fxg5 42. c7 Rc8 43. Rd7 Kh7 44. Kg3 Bc6 45. Re7 Kg6 46. Re6+ Kf7 47. Rxc6 Ke7 48. Kg4 Kd7 49. Rg6 Rg8 50. Ra6 Ra8 51. c8Q+ Kxc8 52. Rg6 Kd7 53. Rxg7+ Ke6 54. Rg6+ Kf7 55. Rxh6 a5 56. Kxg5 a4 57. g4 a3 58. f4 Ra5+ 59. f5 Rc5 60. Rb6 Rc3 61. h4 Kf8 62. Kg6 Rc4 63. Kh5 Rc3 64. g5 Rc5 1-0

[Event "Cartagena Iderbol Cup"]
[Site "Cartagena"]
[Date "2011.12.26"]
[Round "1.9"]
[White "Rivera, Ingris"]
[Black "Montalvo Acosta, Joel Jose"]
[Result "1-0"]
[WhiteElo "2161"]
[BlackElo "1646"]
[PlyCount "65"]
[EventDate "2011.12.26"]
[EventType "swiss"]
[EventRounds "7"]
[EventCountry "COL"]
[SourceTitle "EXT 2024"]
[Source "ChessBase"]
[SourceDate "2023.10.10"]
[SourceVersion "1"]
[SourceVersionDate "2023.10.10"]
[SourceQuality "1"]

1. d4 Nf6 2. Nf3 e6 3. g3 g6 4. Bg2 Bg7 5. 0-0 0-0 6. c4 d6 7. Nc3 c6 8. e4 Nbd7 9. Bf4 Qe7 10. Qd2 e5 11. Bg5 Re8 12. Rad1 Qd8 13. Rfe1 Qb6 14. h3 Qb4 15. b3 a5 16. d5 Nb6 17. dxc6 bxc6 18. Bxf6 Bxf6 19. Qxd6 Re6 20. Qd2 a4 21. Nd5 Qxd2 22. Nxf6+ Rxf6 23. Rxd2 Bxh3 24. Nxe5 Bxg2 25. Kxg2 axb3 26. axb3 Ra3 27. c5 Na8 28. Rd6 Kg7 29. Nxc6 Rxb3 30. e5 Rxd6 31. exd6 Rd3 32. Re8 Nb6 33. cxb6 1-0